|
|
|
|
| LEADER |
00000cam a22000004a 4500 |
| 001 |
musev2_48892 |
| 003 |
MdBmJHUP |
| 005 |
20230905045100.0 |
| 006 |
m o d |
| 007 |
cr||||||||nn|n |
| 008 |
160616s2016 mnu o 00 0 eng d |
| 010 |
|
|
|z 2016028157
|
| 020 |
|
|
|a 9781452953052
|
| 020 |
|
|
|z 1452953058
|
| 020 |
|
|
|z 9780816698646
|
| 035 |
|
|
|a (OCoLC)951854839
|
| 040 |
|
|
|a MdBmJHUP
|c MdBmJHUP
|
| 100 |
1 |
|
|a Shotwell, Alexis,
|d 1974-
|e author.
|
| 245 |
1 |
0 |
|a Against Purity :
|b Living Ethically in Compromised Times /
|c Alexis Shotwell.
|
| 264 |
|
1 |
|a Minneapolis :
|b University of Minnesota Press,
|c [2016]
|
| 264 |
|
3 |
|a Baltimore, Md. :
|b Project MUSE,
|c 2017
|
| 264 |
|
4 |
|c ©[2016]
|
| 300 |
|
|
|a 1 online resource (264 pages).
|
| 336 |
|
|
|a text
|b txt
|2 rdacontent
|
| 337 |
|
|
|a computer
|b c
|2 rdamedia
|
| 338 |
|
|
|a online resource
|b cr
|2 rdacarrier
|
| 505 |
0 |
|
|a Complexity and complicity: an introduction to constitutive impurity -- Remembering for the future: reckoning with an unjust past -- "Women don't get AIDS, they just die from it": memory, classification, and the campaign to change the definition of AIDS -- Shimmering presences: frog, toad, and toxic interdependencies -- Consuming suffering: eating, energy, and embodied ethics -- Practicing freedom: disability and gender transformation -- Worlds to come: imagining speculative disability futures -- The point, however, is to change it.
|
| 588 |
|
|
|a Description based on print version record.
|
| 650 |
|
7 |
|a Purity (Philosophy)
|2 fast
|0 (OCoLC)fst01084381
|
| 650 |
|
7 |
|a Purity (Ethics)
|2 fast
|0 (OCoLC)fst01084380
|
| 650 |
|
7 |
|a Conduct of life.
|2 fast
|0 (OCoLC)fst00874563
|
| 650 |
|
7 |
|a Civilization, Modern.
|2 fast
|0 (OCoLC)fst00863073
|
| 650 |
|
7 |
|a PHILOSOPHY
|x Social.
|2 bisacsh
|
| 650 |
|
7 |
|a PHILOSOPHY
|x Ethics & Moral Philosophy.
|2 bisacsh
|
| 650 |
|
6 |
|a Civilisation
|y 21e siecle.
|
| 650 |
|
6 |
|a Morale pratique.
|
| 650 |
|
6 |
|a Purete (Philosophie)
|
| 650 |
|
6 |
|a Purete (Morale)
|
| 650 |
|
0 |
|a Civilization, Modern
|y 21st century.
|
| 650 |
|
0 |
|a Conduct of life.
|
| 650 |
|
0 |
|a Purity (Philosophy)
|
| 650 |
|
0 |
|a Purity (Ethics)
|
| 655 |
|
7 |
|a Electronic books.
|2 local
|
| 710 |
2 |
|
|a Project Muse.
|e distributor
|
| 830 |
|
0 |
|a Book collections on Project MUSE.
|
| 856 |
4 |
0 |
|z Texto completo
|u https://projectmuse.uam.elogim.com/book/48892/
|
| 945 |
|
|
|a Project MUSE - Custom Collection
|
| 945 |
|
|
|a Project MUSE - 2017 Complete
|
| 945 |
|
|
|a Project MUSE - 2017 Philosophy and Religion
|